书目信息 |
| 题名: |
振飞曲谱
|
|
| 作者: | 俞振飞 编著 | |
| 分册: | ||
| 出版信息: | 上海 上海文艺出版社 1982.7 |
|
| 页数: | 476页 | |
| 开本: | 26cm | |
| 丛书名: | ||
| 单 册: | ||
| 中图分类: | J643.55 | |
| 科图分类: | ||
| 主题词: | 音乐--作品--中国 | |
| 电子资源: | ||
| ISBN: | ||
| 000 | 00513nam0 2200193 45 | |
| 001 | 0312221749 | |
| 005 | 20040512150204.0 | |
| 010 | @dCNY3.70 | |
| 100 | @a20031222d1982 km y0chiy0120 ea | |
| 101 | @achi | |
| 105 | @a z 000yy | |
| 200 | 1 | @a振飞曲谱@AZhen Fei Qu Pu@f俞振飞编著@FYu Zhen Fei Bian Zhu |
| 210 | @a上海@c上海文艺出版社@d1982.7 | |
| 215 | @a476页@c照片@d26cm | |
| 606 | 0 | @a音乐@x作品@x中国 |
| 690 | @aJ643.55@v3 | |
| 701 | 0 | @a俞振飞@4编著 |
| 801 | @aCN@bTSTCL@c20031222 | |
| 905 | @dJ643.55@e104 | |
| 振飞曲谱/俞振飞编著.-上海:上海文艺出版社,1982.7 |
| 476页:照片;26cm |
| ISBN :CNY3.70 |
| ● |
| 相关链接 |
|
|
|
|
正题名:振飞曲谱
索取号:J643.55/104
 
预约/预借
| 序号 | 登录号 | 条形码 | 馆藏地/架位号 | 状态 | 备注 |
| 1 | 0208904 | 001202825 | 第一借阅区/ [索取号:J643.55/104] | 在馆 | |
| 2 | 0208905 | 001202852 | 第一样本阅览室/ [索取号:J643.55/104] | 在馆 |